[Event "IMSA Blitz Women 2019"]
[Site "Hengshui"]
[Date "2019.05.18"]
[Round "11.2"]
[White "Koneru, Humpy"]
[Black "Krush, Irina"]
[Result "1-0"]
[WhiteElo "2553"]
[BlackElo "2422"]
[Annotator "TA"]
[PlyCount "135"]
[EventDate "2019.05.17"]
[EventType "blitz"]
[EventCountry "CHN"]
[SourceTitle "playchess.com"]
[Source "ChessBase"]
[SourceQuality "1"]

{[%evp 17,134,29,43,57,53,0,0,0,61,43,21,5,47,56,52,40,68,92,64,78,75,21,26,25,12,0,0,0,52,15,70,67,127,121,112,115,102,106,117,120,104,72,81,51,51,52,52,52,58,52,71,62,55,60,61,44,38,4,104,45,77,8,52,0,18,18,160,0,0,0,0,0,0,0,26,45,37,0,8,0,199,0,195,0,0,0,0,0,0,0,64,64,64,64,57,0,116,58,82,0,115,0,66,0,79,8,8,0,190,0,1046,591,583,583,1008,993,29988,29989,29993]} 1. d4 d5 2. Nf3 Nf6 3. e3 e6 4. Bd3 c5 5. b3 Nc6 6. O-O Qc7 7. c4 cxd4 8. exd4 Be7 9. Bb2 O-O 10. Nc3 {D05: Colle System with ...e6} Rd8 11. Nb5 $146 (11. a3 $14) ({Predecessor:} 11. Rc1 Qf4 12. Ne2 Qh6 13. Ng3 Bd7 14. c5 b6 {0-1 (52) Jussupow,A (2585)-Lobanov,S (2429) Tallinn 2016}) 11... Qf4 $11 12. Bc1 {The position is equal.} Qg4 (12... Qb8 $11) 13. h3 Qh5 14. c5 a6 15. Nc3 e5 16. Nxe5 $1 Nxe5 17. Qxh5 Nxh5 18. dxe5 Bxc5 19. Ne2 (19. Rd1 $16) 19... g6 20. g4 Ng7 21. Bg5 Re8 22. Bf6 $36 {[%mdl 2048] White is pushing.} h5 ({Black should play} 22... Ne6 $11) 23. Rac1 Bb6 ({Black should try} 23... Ba3 $11) 24. Nf4 $14 {Threatens to win with gxh5.} Be6 (24... hxg4 $14 25. Nxd5 Bd8) 25. gxh5 Nxh5 26. Nxh5 gxh5 27. Kh2 Kf8 28. Bh7 {Hoping for Rg1.} Rec8 29. Rg1 $1 {[%csl Gh7][%cal Rg1g8]} Ke8 30. Rg8+ (30. Rcf1 {is interesting.} Kd7 31. Rg3 h4 32. Bxh4 Rh8 33. Rg7) 30... Kd7 31. Rgxc8 Rxc8 32. Rxc8 Kxc8 {[%mdl 4096] Endgame KBB-KBB} 33. f4 d4 34. Be4 Bd7 35. Kg3 Bc6 36. Bf5+ Kc7 37. Bd3 Ba5 (37... Bb5 $1 $11 38. Bxb5 axb5) 38. Kf2 (38. Kh4 $1 $16) 38... Bd2 39. Bg5 (39. Bc4 $16) 39... Be3+ 40. Ke2 (40. Kg3 $1 $14) 40... Bg2 41. h4 {Black should prevent Bc4.} Bh3 (41... Kd7 $11 {keeps the balance.}) 42. Bc4 $2 (42. Be4 $16) 42... Bg4+ 43. Kd3 Bf5+ 44. Ke2 Bg4+ 45. Ke1 Be6 46. Bd3 Bg4 47. Kf1 b5 48. f5 {aiming for e6!} Kd7 $2 (48... Bxg5 $11 {and Black stays safe.} 49. hxg5 Kd7) 49. Ke1 $2 (49. Bxe3 $1 $18 dxe3 50. b4) 49... Bg1 $2 {[#]} (49... Bxg5 $11 50. hxg5 h4) 50. Kf1 $2 ({White must play} 50. e6+ $1 $18 {[%mdl 512]} fxe6 51. f6) 50... Bh2 51. Bf6 Bg3 52. Kg2 Bf4 53. Kf2 Be3+ ({Better is} 53... Kc6 $11) 54. Kg3 Bd2 55. Bg5 Be1+ 56. Kg2 (56. Kf4 $14) 56... Bc3 {[#]} (56... Ke8 $11) 57. Kf2 (57. e6+ $1 $16 {[%mdl 512]} Ke8 (57... fxe6 58. f6) 58. exf7+ Kxf7 59. Kg3) 57... Bb4 58. Kf1 (58. Bc1 $1 $16) 58... Bc3 (58... Bh3+ $11 59. Kf2 Bg4) 59. Kf2 Bb4 $1 60. Kf1 Bc3 61. a4 (61. e6+ $1 $16 fxe6 62. f6) 61... bxa4 $11 62. bxa4 a5 $2 (62... Bb4 $11) 63. Kf2 $2 (63. Bb5+ $18 Kc7 64. e6 $1 {[%mdl 512]} fxe6 65. f6) 63... Bd1 $2 {[%mdl 8192] [#]} (63... Ke8 $11) 64. Bb5+ $1 $18 Kc7 65. e6 {White wants to mate with e7.} fxe6 66. fxe6 {Threatening mate with e7.} Kd6 67. e7 Kd5 {Accuracy: White = 37%, Black = 36%.} 68. e8=Q 1-0

[Event "IMSA Blitz Women 2019"]
[Site "Hengshui"]
[Date "2019.05.18"]
[Round "11.2"]
[White "Lei, Tingjie"]
[Black "Zhao, Xue"]
[Result "1-0"]
[WhiteElo "2507"]
[BlackElo "2485"]
[Annotator "RC"]
[PlyCount "72"]
[EventDate "2019.05.17"]
[EventType "blitz"]
[EventCountry "CHN"]
[SourceTitle "playchess.com"]
[Source "ChessBase"]
[SourceQuality "1"]
[TimeControl "180+2"]

1. e4 {[%emt 0:00:00]} Nf6 {[%emt 0:00:00]} 2. e5 {[%emt 0:00:00]} Nd5 {[%emt 0:00:00]} 3. d4 {[%emt 0:00:03]} d6 {[%emt 0:00:00]} 4. Nf3 {[%emt 0:00:02]} c6 {[%emt 0:00:02]} 5. c4 Nb6 {[%emt 0:00:01]} 6. exd6 {[%emt 0:00:08]} exd6 {[%emt 0:00:01]} 7. Nc3 {[%emt 0:00:05]} Bg4 {[%emt 0:00:07]} 8. b3 {[%emt 0:00:05]} Be7 {[%emt 0:00:06]} 9. Be2 {[%emt 0:00:06]} O-O {[%emt 0:00:09]} 10. O-O {[%emt 0:00:02]} Re8 {[%emt 0:00:04]} 11. Be3 {[%emt 0:00:02]} N8d7 {[%emt 0:00:18]} 12. Qd2 {[%emt 0:00:09]} Nf8 {[%emt 0:00:18]} 13. a4 {[%emt 0:00:02]} a5 {[%emt 0:00:02]} 14. Rfe1 {[%emt 0:00:08]} d5 {[%emt 0:00:04]} 15. c5 {[%emt 0:00:01]} Nbd7 {[%emt 0:00:01]} 16. h3 {[%emt 0:00:53]} Bxf3 {[%emt 0:00:10]} 17. Bxf3 {[%emt 0:00:01]} Bf6 {[%emt 0:00:02]} 18. Ne2 {[%emt 0:00:09]} Ne6 {[%emt 0:00:03]} 19. Bg4 {[%emt 0:00:21]} Ndf8 {[%emt 0:00:07]} 20. b4 {[%emt 0:00:06]} axb4 {[%emt 0:00:12]} 21. Qxb4 {[%emt 0:00:02]} Ra7 {[%emt 0:00:05]} 22. a5 {[%emt 0:00:06]} Qc7 {[%emt 0:00:12]} 23. Reb1 {[%emt 0:00:12]} Rea8 {[%emt 0:00:05]} 24. Bf5 {[%emt 0:00:06]} g6 {[%emt 0:00:07]} 25. Bg4 {[%emt 0:00:09]} h5 {[%emt 0:00:26]} 26. Bf3 {[%emt 0:00:02]} Ng5 {[%emt 0:00:07]} 27. Bxg5 {[%emt 0:00:04]} Bxg5 {[%emt 0:00:01]} 28. g3 {[%emt 0:00:32]} h4 {[%emt 0:00:02]} 29. gxh4 {[%emt 0:00:06]} Bxh4 {[%emt 0:00:01]} 30. Bg4 {[%emt 0:00:02]} Qe7 {[%emt 0:00:16]} 31. Rb3 {[%emt 0:00:10]} Qf6 {[%emt 0:00:15]} 32. Bf3 {[%emt 0:00:05]} Ne6 {[%emt 0:00:04]} 33. Rf1 {[%emt 0:00:04]} Ng5 {[%emt 0:00:15]} 34. Bg2 {[%emt 0:00:01]} Rxa5 {[%emt 0:00:04]} 35. f4 {[%emt 0:00:00]} Ne4 {[%emt 0:00:02]} 36. Bxe4 {[%emt 0:00:01]} dxe4 {[%emt 0:00:01]} 1-0

[Event "IMSA Blitz Women 2019"]
[Site "Hengshui"]
[Date "2019.05.18"]
[Round "11.2"]
[White "Gunina, Valentina"]
[Black "Muzychuk, Mariya"]
[Result "1-0"]
[WhiteElo "2506"]
[BlackElo "2563"]
[Annotator "TA"]
[PlyCount "101"]
[EventDate "2019.05.17"]
[EventType "blitz"]
[EventCountry "CHN"]
[SourceTitle "playchess.com"]
[Source "ChessBase"]
[SourceQuality "1"]

{[%evp 21,100,21,25,18,44,41,32,37,35,29,45,44,45,45,40,47,39,40,98,79,89,55,200,189,190,156,183,154,156,156,150,163,162,149,156,150,145,135,145,141,140,138,216,174,189,152,173,48,58,41,94,89,95,67,77,17,109,87,89,31,59,51,50,25,135,20,130,67,121,0,1019,897,993,137,135,145,146,140,213,213,29999]} 1. e4 c5 2. Nf3 Nc6 3. Bb5 Nf6 4. Bxc6 dxc6 5. d3 g6 6. O-O Bg7 7. h3 O-O 8. Nc3 Qc7 9. Be3 b6 10. a4 a5 11. Qd2 e5 12. Bh6 {B31: Sicilian: 2...Nc6 3 Bb5 g6} Rd8 $146 ({Predecessor:} 12... Nh5 13. Bxg7 Kxg7 14. Ne2 Kg8 15. b3 f6 16. Nh2 g5 17. Ng3 {1-0 (85) Dardha,D (2330)-Bomans,A (2248) Charleroi 2018}) 13. Bxg7 Kxg7 14. b3 {White is slightly better.} h6 15. Nh2 Nh5 16. Ne2 Be6 17. f4 exf4 18. Nxf4 Nxf4 19. Rxf4 Qe5 (19... Rf8 $14) 20. Raf1 $16 Rd7 21. Nf3 Qd6 ({Black should play} 21... Qb2 $1 $14) 22. Qc3+ $18 (22. Rh4 $6 h5 $16) 22... Kg8 23. Ne5 Re7 24. Rf6 Qd4+ 25. Qxd4 cxd4 26. Nxc6 Rd7 27. Ne5 Rc7 28. Nc4 Rb8 29. Kf2 b5 30. axb5 ({Stronger than} 30. Nxa5 Kg7 $15) 30... Rxb5 31. Ra1 $1 Bxc4 (31... Kg7 $16 32. Rf4 Re7) 32. dxc4 $16 {[%mdl 4096] Endgame KRR-KRR} Re5 33. Rf4 g5 34. Rg4 (34. Rf5 $18 Rxe4 35. Re1 (35. Raxa5 Rce7 $16)) 34... Rce7 $14 35. h4 f5 (35... f6 $14) 36. exf5 $16 Rxf5+ 37. Kg1 {Black must now prevent Rf1.} Re2 38. hxg5 (38. Rc1 $16) 38... hxg5 (38... h5 $1 $11 39. Rf1 (39. Rxd4 Rxg5 40. Kh2 Rexg2+ 41. Kh3 Rxc2 $11) 39... hxg4 40. Rxf5 g3) 39. Rd1 Rxc2 40. Rdxd4 (40. Rgxd4 $16 Kf7 41. R4d2) 40... Kf7 41. Rd6 Rb2 42. Rg3 Rc5 (42... g4 $11 {keeps the balance.} 43. Rd1 (43. Rxg4 Rb1+ 44. Kh2 Rh5+ 45. Kg3 Rxb3+ 46. Kf2 a4 $11) 43... Ke6) 43. Ra6 (43. Rh3 $16) 43... Rf5 {[#]} (43... g4 $1 $11) 44. Kh2 (44. Rd3 $1 $16) 44... Rf4 (44... g4 $14) 45. Rd3 (45. Rxg5 $16 {Strongly threatening Rb5.} Rxb3 46. Rc5) 45... Rff2 $2 {[%mdl 8192] [#]} (45... Rg4 $11) 46. Rd7+ $1 $18 Ke8 47. Rb7 $2 (47. Rh7 $18 {[%cal Ra6a8]} Rxg2+ 48. Kh1) 47... Rxg2+ $16 48. Kh3 {[%cal Ra6a8]} Rgd2 49. Rxa5 Rd3+ (49... Rd7 $16 {might work better.} 50. Rb8+ Ke7) 50. Kg4 $18 {Hoping for Rh7.} Rdxb3 $2 (50... Rg2+ $18 51. Kf5 Rd7 52. Rxd7 Kxd7 53. Rd5+ Kc7) 51. Ra8# {Accuracy: White = 47%, Black = 32%.} 1-0

[Event "IMSA Blitz Women 2019"]
[Site "Hengshui"]
[Date "2019.05.18"]
[Round "11.2"]
[White "Harika, Dronavalli"]
[Black "Dzagnidze, Nana"]
[Result "1/2-1/2"]
[WhiteElo "2492"]
[BlackElo "2510"]
[Annotator "RC"]
[PlyCount "135"]
[EventDate "2019.05.17"]
[EventType "blitz"]
[EventCountry "CHN"]
[SourceTitle "playchess.com"]
[Source "ChessBase"]
[SourceQuality "1"]
[TimeControl "180+2"]

1. d4 {[%emt 0:00:00]} Nf6 {[%emt 0:00:00]} 2. Bg5 {[%emt 0:00:00]} g6 {[%emt 0:00:03]} 3. Nf3 {[%emt 0:00:02]} Bg7 {[%emt 0:00:01]} 4. Nbd2 {[%emt 0:00:02]} O-O {[%emt 0:00:06]} 5. c3 {[%emt 0:00:14]} d6 {[%emt 0:00:05]} 6. e4 {[%emt 0:00:01]} Nbd7 {[%emt 0:00:08]} 7. Be2 {[%emt 0:00:14]} h6 {[%emt 0:00:17]} 8. Bh4 {[%emt 0:00:01]} e5 {[%emt 0:00:16]} 9. dxe5 {[%emt 0:00:16]} dxe5 {[%emt 0:00:05]} 10. O-O {[%emt 0:00:05]} Qe7 {[%emt 0:00:08]} 11. Qc2 {[%emt 0:00:08]} b6 {[%emt 0:00:13]} 12. b4 {[%emt 0:00:21]} Bb7 {[%emt 0:00:03]} 13. Rfe1 {[%emt 0:00:02]} Rfe8 {[%emt 0:00:29]} 14. Bc4 {[%emt 0:00:02]} Nf8 {[%emt 0:00:03]} 15. Bg3 {[%emt 0:00:18]} Nh5 {[%emt 0:00:12]} 16. Nf1 {[%emt 0:00:02]} Nxg3 {[%emt 0:00:10]} 17. hxg3 {[%emt 0:00:01]} Ne6 {[%emt 0:00:02]} 18. Ne3 {[%emt 0:00:02]} c6 {[%emt 0:00:01]} 19. a4 {[%emt 0:00:04]} Rac8 {[%emt 0:00:04]} 20. a5 {[%emt 0:00:11]} b5 {[%emt 0:00:03]} 21. a6 {[%emt 0:00:06]} Ba8 {[%emt 0:00:04]} 22. Bb3 {[%emt 0:00:01]} c5 {[%emt 0:00:10]} 23. bxc5 {[%emt 0:00:06]} Rxc5 {[%emt 0:00:07]} 24. Bd5 {[%emt 0:00:09]} Qc7 {[%emt 0:00:08]} 25. Qb2 {[%emt 0:00:06]} Bc6 {[%emt 0:00:27]} 26. Red1 {[%emt 0:00:14]} Rb8 {[%emt 0:00:02]} 27. Bxc6 {[%emt 0:00:04]} Qxc6 {[%emt 0:00:01]} 28. Nd5 {[%emt 0:00:01]} Kh7 {[%emt 0:00:05]} 29. Qa2 {[%emt 0:00:21]} Rc4 {[%emt 0:00:03]} 30. Nd2 {[%emt 0:00:02]} Ra4 {[%emt 0:00:01]} 31. Qb3 {[%emt 0:00:04]} Qxa6 {[%emt 0:00:02]} 32. Rxa4 {[%emt 0:00:01]} Qxa4 {[%emt 0:00:01]} 33. Qxa4 {[%emt 0:00:12]} bxa4 {[%emt 0:00:01]} 34. Ra1 {[%emt 0:00:01]} Nc5 {[%emt 0:00:01]} 35. Nc4 {[%emt 0:00:01]} Nxe4 {[%emt 0:00:08]} 36. f3 {[%emt 0:00:13]} Nc5 37. g4 e4 {[%emt 0:00:03]} 38. fxe4 {[%emt 0:00:04]} Nxe4 {[%emt 0:00:01]} 39. Rxa4 {[%emt 0:00:01]} Nxc3 {[%emt 0:00:01]} 40. Nxc3 {[%emt 0:00:05]} Bxc3 {[%emt 0:00:01]} 41. Kf2 {[%emt 0:00:00]} Kg7 {[%emt 0:00:03]} 42. Kf3 {[%emt 0:00:01]} Bd4 {[%emt 0:00:03]} 43. Ke4 {[%emt 0:00:02]} Bg1 {[%emt 0:00:03]} 44. Ra1 {[%emt 0:00:01]} Re8+ {[%emt 0:00:02]} 45. Kd5 {[%emt 0:00:01]} Bb6 {[%emt 0:00:02]} 46. Ra2 {[%emt 0:00:10]} Re1 {[%emt 0:00:04]} 47. Nd6 {[%emt 0:00:03]} Rd1+ {[%emt 0:00:08]} 48. Kc6 {[%emt 0:00:01]} Bd4 {[%emt 0:00:04]} 49. Re2 {[%emt 0:00:03]} Bb6 {[%emt 0:00:05]} 50. Re7 {[%emt 0:00:01]} Rf1 {[%emt 0:00:02]} 51. Rb7 {[%emt 0:00:03]} h5 {[%emt 0:00:02]} 52. g5 {[%emt 0:00:05]} Be3 {[%emt 0:00:03]} 53. Ne8+ {[%emt 0:00:00]} Kf8 {[%emt 0:00:01]} 54. Nf6 {[%emt 0:00:04]} Kg7 {[%emt 0:00:02]} 55. Ne8+ {[%emt 0:00:02]} Kf8 {[%emt 0:00:01]} 56. Nf6 {[%emt 0:00:00]} Bxg5 {[%emt 0:00:04]} 57. Nh7+ {[%emt 0:00:01]} Kg7 {[%emt 0:00:02]} 58. Nxg5 {[%emt 0:00:01]} Rf5 {[%emt 0:00:02]} 59. Ne6+ {[%emt 0:00:04]} Kf6 {[%emt 0:00:02]} 60. Nd8 {[%emt 0:00:00]} Kg5 {[%emt 0:00:03]} 61. Nxf7+ {[%emt 0:00:02]} Kh4 {[%emt 0:00:01]} 62. Rxa7 {[%emt 0:00:01]} Kg3 {[%emt 0:00:02]} 63. Nh8 {[%emt 0:00:05]} g5 {[%emt 0:00:01]} 64. Rg7 {[%emt 0:00:02]} Kxg2 {[%emt 0:00:03]} 65. Nf7 {[%emt 0:00:01]} g4 {[%emt 0:00:02]} 66. Nh6 {[%emt 0:00:01]} Ra5 {[%emt 0:00:02]} 67. Nxg4 {[%emt 0:00:01]} hxg4 {[%emt 0:00:02]} 68. Rxg4+ {[%emt 0:00:01]} 1/2-1/2

[Event "IMSA Blitz Women 2019"]
[Site "Hengshui"]
[Date "2019.05.18"]
[Round "11.2"]
[White "Paehtz, Elisabeth"]
[Black "Khotenashvili, Bela"]
[Result "1/2-1/2"]
[WhiteElo "2470"]
[BlackElo "2476"]
[Annotator "RC"]
[PlyCount "97"]
[EventDate "2019.05.17"]
[EventType "blitz"]
[EventCountry "CHN"]
[SourceTitle "playchess.com"]
[Source "ChessBase"]
[SourceQuality "1"]
[TimeControl "180+2"]

1. d4 {[%emt 0:00:00]} g6 {[%emt 0:00:00]} 2. Nf3 {[%emt 0:00:01]} Bg7 {[%emt 0:00:00]} 3. Bg5 {[%emt 0:00:03]} c5 {[%emt 0:00:04]} 4. c3 {[%emt 0:00:03]} Qb6 {[%emt 0:00:07]} 5. Qc2 {[%emt 0:00:10]} d5 {[%emt 0:00:11]} 6. e3 {[%emt 0:00:08]} Bf5 {[%emt 0:00:06]} 7. Qb3 {[%emt 0:00:01]} c4 {[%emt 0:00:05]} 8. Qa3 {[%emt 0:00:10]} Nc6 {[%emt 0:00:19]} 9. Nbd2 {[%emt 0:00:01]} Nf6 {[%emt 0:00:06]} 10. b3 {[%emt 0:00:04]} cxb3 {[%emt 0:00:05]} 11. axb3 {[%emt 0:00:01]} O-O {[%emt 0:00:16]} 12. Be2 {[%emt 0:00:02]} Rfe8 {[%emt 0:00:06]} 13. O-O {[%emt 0:00:08]} e5 {[%emt 0:00:16]} 14. dxe5 {[%emt 0:00:07]} Nxe5 {[%emt 0:00:01]} 15. Nd4 {[%emt 0:00:01]} Bd3 {[%emt 0:00:08]} 16. Bxd3 {[%emt 0:00:03]} Nxd3 {[%emt 0:00:02]} 17. Bxf6 {[%emt 0:00:09]} Bxf6 {[%emt 0:00:01]} 18. N2f3 {[%emt 0:00:06]} a6 {[%emt 0:00:04]} 19. Rfd1 {[%emt 0:00:03]} Ne5 {[%emt 0:00:26]} 20. Nxe5 {[%emt 0:00:09]} Bxe5 {[%emt 0:00:01]} 21. Rd3 {[%emt 0:00:03]} Rac8 {[%emt 0:00:05]} 22. Qb2 {[%emt 0:00:05]} Qc5 {[%emt 0:00:06]} 23. Ne2 {[%emt 0:00:10]} Qc7 {[%emt 0:00:19]} 24. g3 {[%emt 0:00:02]} Re6 {[%emt 0:00:04]} 25. Qd2 {[%emt 0:00:27]} Rc6 {[%emt 0:00:11]} 26. Rc1 {[%emt 0:00:02]} h5 {[%emt 0:00:28]} 27. h4 {[%emt 0:00:02]} Bf6 {[%emt 0:00:02]} 28. Kg2 {[%emt 0:00:24]} Kh7 {[%emt 0:00:01]} 29. Kg1 {[%emt 0:00:13]} Kg8 {[%emt 0:00:01]} 30. Kf1 {[%emt 0:00:03]} Bg7 {[%emt 0:00:02]} 31. Kg2 {[%emt 0:00:04]} Be5 {[%emt 0:00:01]} 32. Rc2 {[%emt 0:00:04]} Bg7 {[%emt 0:00:02]} 33. Rc1 {[%emt 0:00:29]} Qb6 {[%emt 0:00:00]} 34. b4 {[%emt 0:00:02]} Qc7 {[%emt 0:00:01]} 35. Rc2 {[%emt 0:00:01]} Rc4 {[%emt 0:00:03]} 36. Rc1 {[%emt 0:00:09]} Be5 {[%emt 0:00:02]} 37. Rxd5 {[%emt 0:00:06]} Bxc3 {[%emt 0:00:01]} 38. Nxc3 {[%emt 0:00:03]} Rxc3 {[%emt 0:00:01]} 39. Rxc3 {[%emt 0:00:06]} Qxc3 {[%emt 0:00:01]} 40. Qxc3 {[%emt 0:00:02]} Rxc3 {[%emt 0:00:00]} 41. Rd7 {[%emt 0:00:01]} b5 {[%emt 0:00:05]} 42. Rd6 {[%emt 0:00:02]} Rc4 {[%emt 0:00:01]} 43. Rxa6 {[%emt 0:00:01]} Rxb4 {[%emt 0:00:00]} 44. Rb6 {[%emt 0:00:01]} Kg7 {[%emt 0:00:01]} 45. Kf3 {[%emt 0:00:02]} Rb2 {[%emt 0:00:01]} 46. Kg2 {[%emt 0:00:03]} Kf8 {[%emt 0:00:10]} 47. Rb7 {[%emt 0:00:02]} Kg7 {[%emt 0:00:01]} 48. Rb6 {[%emt 0:00:01]} Kf8 {[%emt 0:00:00]} 49. Rb7 {[%emt 0:00:00]} 1/2-1/2

[Event "IMSA Blitz Women 2019"]
[Site "Hengshui"]
[Date "2019.05.18"]
[Round "11.2"]
[White "Stefanova, Antoaneta"]
[Black "Ushenina, Anna"]
[Result "1/2-1/2"]
[WhiteElo "2470"]
[BlackElo "2442"]
[Annotator "TA"]
[PlyCount "88"]
[EventDate "2019.05.17"]
[EventType "blitz"]
[EventCountry "CHN"]
[SourceTitle "playchess.com"]
[Source "ChessBase"]
[SourceQuality "1"]

{[%evp 9,88,-10,-7,-19,-22,-25,-1,-14,-16,-30,-8,-39,0,-7,0,5,10,-5,4,0,29,0,15,-40,-31,-39,-32,-37,-37,-43,-30,-58,-11,-4,-9,-12,0,-5,0,-25,0,-4,-8,-7,-6,-12,0,0,0,0,0,0,0,0,0,-64,0,0,0,0,0,0,0,-14,-30,-19,0,-15,-9,-8,-8,-22,0,0,0,-17,0,0,0,-28,0]} 1. d4 d5 2. Bf4 c5 3. e3 Nc6 4. Nc3 cxd4 5. exd4 Bf5 (5... a6 6. Nf3 Bg4 7. h3 Bh5 8. g4 Bg6 9. Ne5 e6 10. h4 Nxe5 11. dxe5 h5 12. Bd3 Ne7 13. Bxg6 Nxg6 {0-1 (69) Seliverstov,V (2462)-Najer,E (2663) Moscow 2018}) 6. Nf3 {B13: Caro-Kann: Exchange Variation and Panov-Botvinnik Attack} e6 7. Bd3 Bg6 8. Bxg6 $146 {The position is equal.} ({Predecessor:} 8. Ne2 Bd6 9. c3 Nge7 10. Qd2 Qc7 11. Bxd6 Qxd6 12. Nf4 Bxd3 13. Nxd3 {1-0 (26) Beukema,J (2290)-Simon,R (2075) Basel 2019}) 8... hxg6 9. h3 Nf6 10. Ne2 Bd6 11. c3 Qc7 12. Bxd6 Qxd6 13. Qd2 b5 14. O-O b4 15. Qe3 bxc3 16. bxc3 ({Better is} 16. Nxc3 $11 Rc8 17. Rfc1) 16... O-O $15 17. Ne5 Rac8 18. c4 dxc4 19. Nxc4 Qd5 20. Ne5 Qe4 21. Qxe4 Nxe4 22. Rac1 Nb4 23. f3 Nf6 24. a3 Nbd5 25. Rc5 Rb8 26. Rfc1 Rb2 27. R1c2 Rxc2 (27... Rb7 {is interesting.} 28. Kf2 g5 29. Nc6 Nh5 30. g3 Nhf6) 28. Rxc2 Rb8 29. Kf2 Kf8 30. g3 Ke8 31. h4 Nd7 32. f4 (32. Nc6 $11 Rb7 33. Nc3) 32... Nxe5 (32... N7f6 $1 $15 33. Nc1 Ne4+ 34. Kf3 Nd6) 33. dxe5 {[%mdl 4096] Endgame KRN-KRN} Rb3 34. Rc8+ Ke7 35. Nd4 Rxa3 36. Nb5 Ra2+ 37. Kf3 f6 38. Nd6 fxe5 39. fxe5 Ra3+ 40. Kf2 Ra2+ 41. Kf3 Ra3+ 42. Kf2 Ra2+ 43. Kf3 Ra3+ 44. Kf2 Ra2+ {Accuracy: White = 44%, Black = 39%.} 1/2-1/2

[Event "IMSA Blitz Women 2019"]
[Site "Hengshui"]
[Date "2019.05.18"]
[Round "11.2"]
[White "Abdumalik, Zhansaya"]
[Black "Kosteniuk, Alexandra"]
[Result "1-0"]
[WhiteElo "2464"]
[BlackElo "2546"]
[Annotator "TA"]
[PlyCount "61"]
[EventDate "2019.05.17"]
[EventType "blitz"]
[EventCountry "CHN"]
[SourceTitle "playchess.com"]
[Source "ChessBase"]
[SourceQuality "1"]

{[%evp 13,87,14,25,14,16,16,16,0,0,0,40,11,55,21,53,-24,33,0,0,0,0,0,0,0,0,0,0,0,9,14,19,-196,36,-37,25,-106,-60,-90,0,0,0,0,0,0,70,60,57,48,65,0,484,461,461,201,664,658,541,597,916,1069,1043,1036,952,944,6319,6319,1636,1070,1046,1010,29978,29979,29979,29977,29986,1482]} 1. e4 e5 2. Nf3 Nf6 3. Nxe5 d6 4. Nf3 Nxe4 5. Nc3 Nxc3 6. dxc3 Be7 7. Be3 Nd7 8. Qd2 {C42: Petroff Defence: 3 Nxe5 and unusual White 3rd moves} O-O 9. O-O-O Nf6 10. Kb1 {The position is equal.} (10. Bd3 c5 11. Rhe1 Be6 12. Bg5 d5 13. Qf4 Re8 14. Re5 Qc7 15. Qh4 h6 16. Bxh6 {½-½ (100) Navara,D (2739)-Gelfand,B (2655) Prague 2019}) 10... c5 11. h4 b5 12. Bxb5 $146 ({Predecessor:} 12. h5 Rb8 13. h6 g6 14. Ng5 Rb6 15. Be2 Bd7 {1-0 (55) Pogonina,N (2442)-Kosteniuk,A (2497) Moscow 2011}) 12... Rb8 (12... Qb6 $5 {[%cal Rb6b5]} 13. Bd3 d5 $14) 13. Bc4 Qb6 {[%csl Gb8][%cal Rb6b2]} 14. Qc1 (14. b3 $1 $14) 14... Bb7 (14... Ne4 $11 15. Ka1 Be6) 15. Bg5 (15. Bd3 {looks sharper.} Rfe8 16. Bg5 d5 17. Rhe1 c4 18. Bf5) 15... d5 $1 {[%cal Rd5c4]} 16. Bxf6 Bxf6 17. Bxd5 Bxd5 18. Rxd5 Bxc3 $1 19. b3 c4 20. Qe3 cxb3 21. cxb3 Qb4 22. Rc1 $2 {[#]} (22. Ne5 $11) 22... Bf6 $2 (22... Qc4 $1 $19 {( -> ...Rxb3+!)} 23. Rxc3 (23. Rcd1 $2 {gets mated.} Rxb3+ {[%mdl 64] Demolition} 24. axb3 Qxb3+ 25. Kc1 Qb2#) 23... Qxd5) 23. Qd3 (23. Ne5 $14) 23... Qa3 (23... a5 $15 24. Ng5 g6) 24. Rc2 (24. Ne5 $11) 24... Rfe8 {[%mdl 1024] Black has strong compensation.} 25. g4 {[#] Threatening g5.} g6 (25... a5 $1 $17 {aiming for ...a4.} 26. g5 a4) 26. g5 $11 Bg7 {Hoping for ...a5.} 27. Rd7 a5 {...a4 is the strong threat.} 28. Qd5 Rf8 (28... Re6 $11) 29. Ne5 $14 Bxe5 $1 30. Qxe5 $40 {[%mdl 128] White attacks.} a4 31. Qb2 {Played: Rd7xf7} 1-0